| 000 | 01117cab a2200313 4500 | ||
|---|---|---|---|
| 001 | WB3011-34 | ||
| 008 | 090401t1994 xxu||||| |||| 00| 0 eng d | ||
| 035 | _a(Sirsi) u4733 | ||
| 041 | _aeng | ||
| 245 | _aTenants` right to compensation | ||
| 260 | _c1994 | ||
| 350 | _a0 | ||
| 490 |
_aScottish Office News Release _v(177) 11 March 1994 (1) |
||
| 520 | _aPublic sector tenants in Scotland are granted the right to compensation for home improvements under regulations coming into force on 1 April 1994. | ||
| 650 | _aCAVITY WALL INSULATION | ||
| 650 | _aDOUBLE GLAZING | ||
| 650 | _aDRAUGHT PROOFING | ||
| 650 | _aHOUSING ACT (SCOTLAND) ACT 1987 S147 | ||
| 650 | _aLOFT INSULATION | ||
| 650 | _aPROPERTY-RESIDENTIAL PROPERTY-RESIDENTIAL LANDLORD AND TENANT-RESIDENTIAL TENANCIES | ||
| 650 | _aREWIRING | ||
| 650 | _aSCOTLAND | ||
| 650 | _aSCOTTISH HOMES | ||
| 650 | _aSECURE TENANTS (COMPENSATION FOR IMPROVEMENTS) (SCOTLAND) | ||
| 650 | _aTENANTS CHARTER | ||
| 690 | _aPROPERTY-RESIDENTIAL PROPERTY-RESIDENTIAL LANDLORD AND TENANT-RESIDENTIAL TENANCIES | ||
| 942 | _n0 | ||
| 948 | _c04/03/1997 | ||
| 999 |
_c2868 _d2868 |
||